000 nam a22 7a 4500
999 _c9602
_d9602
008 180205b ||||| |||| 00| 0 eng d
100 _aBhoosnurmath,R.S.
_95737
245 _aThe Hopsytury World
260 _aNew Delhi
_bNBT
_c2013